LEADER 01359nam a2200265 i 4500 001 000000250169 003 CaOOAMICUS 005 20160718000000.0 008 160718s1888 xx u000 u lat u 013 $a229074 040 $aSeMil$bita 245 10$aAppendice al quarto sinodo diocesano celebrato nella cattedrale di Pavia nei giorni 27 e 28 agosto 1888 da sua eccellenza monsignor Agostino Gaetano Riboldi. 260 $aMonza :$bTipografia De' Paolini di L. Annoni e C.,$c1888. 300 $aP. 714-749 ;$c25 cm. 500 $aLascito Card. C.M. Martini. 650 4$aSinodi diocesani - Pavia.$0(OLS)http://semarc/subject/11697 650 4$aSinodi diocesani - Sec. 19.$0(OLS)http://semarc/subject/1277 700 1 $aDiocesi di Pavia.$0(OLS)http://semarc/name/29718 700 1 $aRiboldi, Agostino Gaetano,$c.$0(OLS)http://semarc/name/21478 850 $aSeMil 852 $aSeMil$W1$xVenegono$y1$m2J V 42 FA$j200515$B200515$CSeMilBibl$Z2$F212268 $8I 941 1 $a4 961 $aLascito: Martini Card. Carlo Maria 996 $6245$aAppendice al quarto sinodo diocesano celebrato nella cattedrale di Pavia nei giorni 27 e 28 agosto 1888 da sua eccellenza monsignor Agostino Gaetano Riboldi$9(OLS)http://semarc/title/352385 996 $6260$aMonza :$bTipografia De' Paolini di L. Annoni e C.$9(OLS)http://semarc/publisher/55365 LEADER 01120nam a2200277 4500 001 000000342066 003 CaOOAMICUS 005 20201014145436.0 008 200915s2000 it a 000 u ita r 020 $a8881661413* 040 $aSeMil$bita 100 1 $aZhu, Cunming.$0(OLS)http://semarc/name/112106 240 13$aLe beauté.$0(OLS)http://semarc/title/430943 245 13$aLa bellezza /$cZhu Cunming, Dominique Fernandez. 264 1$aGorle (BG) :$bServitium,$c2000. 300 $a158 p. :$bill. ;$c17 cm 650 4$aBellezza.$0(OLS)http://semarc/subject/19768 700 1 $aFernandez, Dominique.$0(OLS)http://semarc/name/56052 830 0$aVicinilontani [Servitium] ;$v2.$0(OLS)http://semarc/title/430941 850 $aSeMil 852 $aSeMil$W1$xVenegono$y1$m1Q I 83$j222335$B233087$CSeMilBibl$Z2$F233087 $81 961 $aFumagalli don Aristide - Omaggio 996 $6020$a8881661413*$9(OLS)http://semarc/number/291221 996 $6245$aLa bellezza$9(OLS)http://semarc/title/86998 996 $6264$aGorle (BG) :$bServitium$9(OLS)http://semarc/publisher/34138